000
00326 a2200109 4500
001
ART_49112
005
20260410161745.0
008
260409a
245
1
0
_a
La economía de plataformas y las relaciones de trabajo
100
1
_a
Duarte, David
773
0
_t
Doctrina laboral
_g
- N° 406 (jun. 2019)
_w
REV4049
999
_c
19105
_d
19105